<Die> Feststellung der Optionsprämie bei Optionsscheinen bei Verwendung der Black-Scholes-Formel diplomová práca

Enregistré dans:
Détails bibliographiques
Auteur principal: Szatmár, Andrej
Collectivité auteur: Ekonomická univerzita v Bratislave. Ústav medzinárodných programov
Autres auteurs: Markovič, Peter, 1974-
Format: Livre
Langue:allemand
Publié: Bratislava 2015
Tags: Ajouter un tag
Pas de tags, Soyez le premier à ajouter un tag!

MARC

LEADER 00000nbm a2200000 4500
001 0213713
005 20161121121905.9
041 0 |a ger 
044 |a SK 
245 1 0 |a <Die> Feststellung der Optionsprämie bei Optionsscheinen bei Verwendung der Black-Scholes-Formel  |b diplomová práca  |c Andrej Szatmár ; školiteľ: Peter Markovič 
264 1 |a Bratislava  |c 2015 
300 |a 70 s. 
100 1 |a Szatmár, Andrej 
700 1 |a Markovič, Peter, 1974- 
710 2 |a Ekonomická univerzita v Bratislave. Ústav medzinárodných programov